| 000 | 01706 a2200409 4500 | ||
|---|---|---|---|
| 001 | 22925471 | ||
| 003 | 000 | ||
| 005 | 20251110114417.0 | ||
| 008 | 230111s2023 flu b 001 0 eng | ||
| 010 | _a 2022061068 | ||
| 020 | _a9781032220499 | ||
| 035 | _a22925471 | ||
| 040 |
_aDLC _beng _erda _cDLC |
||
| 042 | _apcc | ||
| 050 | 0 | 0 | _aTA 455 .P58 .V57 |
| 082 | 0 | 0 |
_a620.1/18 _223/eng/20230124 |
| 100 | _aThiagamani, S.M.K. (editor) | ||
| 245 | 0 | 0 |
_aVinyl ester-based biocomposites / _cSenthil Muthu Kumar Thiagamani, Chandrasekar Muthukumar, Senthilkumar Krishnasamy, Suchart Siengchin. |
| 264 | 1 |
_aBoca Raton : _bCRC Press, _c2024. |
|
| 300 | _axv, 229p. ill. | ||
| 336 |
_atext _btxt _2rdacontent |
||
| 337 |
_aunmediated _bn _2rdamedia |
||
| 338 |
_avolume _bnc _2rdacarrier |
||
| 504 | _aIncludes bibliographical references and index. | ||
| 520 |
_a"Vinyl Ester-Based Biocomposites provides a comprehensive review on the recent developments, characterization, and applications of natural fiber-reinforced vinyl ester biocomposites. It also addresses the importance of natural fiber reinforcement on the mechanical, thermal, and interfacial properties"-- _cProvided by publisher. |
||
| 650 | 0 | _aPolymeric composites. | |
| 650 | 0 |
_aFibrous composites _xMaterials. |
|
| 650 | 0 | _aVinyl ester resins. | |
| 650 | 0 | _aThermoplastic composites. | |
| 700 | 1 |
_aThiagamani, Senthil Muthu Kumar, _eeditor. |
|
| 700 | 1 |
_aMuthukumar, Chandrasekar, _eeditor. |
|
| 700 | 1 |
_aKrishnasamy, Senthilkumar, _eeditor. |
|
| 700 | 1 |
_aSiengchin, Suchart, _eeditor. |
|
| 906 |
_a7 _bcbc _corignew _d1 _eecip _f20 _gy-gencatlg |
||
| 942 |
_2lcc _cBK |
||
| 999 |
_c43981 _d43981 |
||